<?xml version="1.0" encoding="UTF-8"?>
<record
    xmlns:xsi="http://www.w3.org/2001/XMLSchema-instance"
    xsi:schemaLocation="http://www.loc.gov/MARC21/slim http://www.loc.gov/standards/marcxml/schema/MARC21slim.xsd"
    xmlns="http://www.loc.gov/MARC21/slim">

  <leader>00725nam a22001337a 4500</leader>
  <datafield tag="040" ind1=" " ind2=" ">
    <subfield code="c">RUA</subfield>
  </datafield>
  <datafield tag="082" ind1=" " ind2=" ">
    <subfield code="a">LMA OU 2017 B640 Or.1</subfield>
  </datafield>
  <datafield tag="100" ind1=" " ind2=" ">
    <subfield code="a">OU FARINHAY &#x17A2;&#x17CA;&#x17BC; &#x17A0;&#x17D2;&#x179C;&#x17B6;&#x179A;&#x17B7;&#x1793;&#x17A0;&#x17C3;</subfield>
  </datafield>
  <datafield tag="245" ind1=" " ind2=" ">
    <subfield code="a">study on recurrent chageland market in sangkat prey sor, khan dangkao,phnom penh &#x179F;&#x17B7;&#x1780;&#x17D2;&#x179F;&#x17B6;&#x1796;&#x17B8;&#x1785;&#x179A;&#x1793;&#x17D2;&#x178A;&#x1780;&#x17B6;&#x179A;&#x1795;&#x17D2;&#x179B;&#x17B6;&#x179F;&#x17CB;&#x1794;&#x17D2;&#x178A;&#x17BC;&#x179A;&#x1791;&#x17B8;&#x1795;&#x17D2;&#x179F;&#x17B6;&#x179A;&#x178A;&#x17B8;&#x1792;&#x17D2;&#x179B;&#x17B8;&#x1793;&#x17C5;&#x1780;&#x17D2;&#x1793;&#x17BB;&#x1784;&#x179F;&#x1784;&#x17D2;&#x1780;&#x17B6;&#x178F;&#x17CB;&#x1796;&#x17D2;&#x179A;&#x17C3;&#x179F;&#x179A;&#x200B; &#x1781;&#x178E;&#x17D2;&#x178C;&#x178A;&#x1784;&#x17D2;&#x1780;&#x17C4; &#x179A;&#x17B6;&#x1787;&#x1792;&#x17B6;&#x1793;&#x17B8;&#x1797;&#x17D2;&#x1793;&#x17C6;&#x1796;&#x17C1;&#x1789;</subfield>
  </datafield>
  <datafield tag="260" ind1=" " ind2=" ">
    <subfield code="a">phnom penh </subfield>
    <subfield code="b">rua</subfield>
    <subfield code="c">2017</subfield>
  </datafield>
  <datafield tag="300" ind1=" " ind2=" ">
    <subfield code="a">xi;61p;</subfield>
    <subfield code="b">ill;</subfield>
    <subfield code="c">29cm</subfield>
  </datafield>
  <datafield tag="856" ind1=" " ind2=" ">
    <subfield code="u">https://drive.google.com/file/d/1cKkMweATHKv5V3xOjBzzMIThOpUA6VD0/view?usp=sharing</subfield>
  </datafield>
  <datafield tag="942" ind1=" " ind2=" ">
    <subfield code="c">LMA</subfield>
  </datafield>
  <datafield tag="999" ind1=" " ind2=" ">
    <subfield code="c">18135</subfield>
    <subfield code="d">18135</subfield>
  </datafield>
  <datafield tag="952" ind1=" " ind2=" ">
    <subfield code="0">0</subfield>
    <subfield code="1">0</subfield>
    <subfield code="2">ddc</subfield>
    <subfield code="4">0</subfield>
    <subfield code="6">LMA_OU_2017_000000000000000_B640_OR_1</subfield>
    <subfield code="7">0</subfield>
    <subfield code="9">80923</subfield>
    <subfield code="a">LBB</subfield>
    <subfield code="b">LBB</subfield>
    <subfield code="c">B640</subfield>
    <subfield code="d">2019-08-07</subfield>
    <subfield code="o">LMA OU 2017 B640 Or.1</subfield>
    <subfield code="p">A40037</subfield>
    <subfield code="r">2019-08-07</subfield>
    <subfield code="w">2019-08-07</subfield>
    <subfield code="y">LMA</subfield>
  </datafield>
  <datafield tag="952" ind1=" " ind2=" ">
    <subfield code="0">0</subfield>
    <subfield code="1">0</subfield>
    <subfield code="2">ddc</subfield>
    <subfield code="4">0</subfield>
    <subfield code="6">LMA_OU_2017_000000000000000_B640_OR_2</subfield>
    <subfield code="7">0</subfield>
    <subfield code="9">80924</subfield>
    <subfield code="a">LBB</subfield>
    <subfield code="b">LBB</subfield>
    <subfield code="c">B640</subfield>
    <subfield code="d">2019-08-07</subfield>
    <subfield code="o">LMA OU 2017 B640 Or.2</subfield>
    <subfield code="p">A39812</subfield>
    <subfield code="r">2019-08-07</subfield>
    <subfield code="w">2019-08-07</subfield>
    <subfield code="y">LMA</subfield>
  </datafield>
  <datafield tag="952" ind1=" " ind2=" ">
    <subfield code="0">0</subfield>
    <subfield code="1">0</subfield>
    <subfield code="2">ddc</subfield>
    <subfield code="4">0</subfield>
    <subfield code="6">LMA_OU_2017_000000000000000_B640_OR_3</subfield>
    <subfield code="7">0</subfield>
    <subfield code="9">80925</subfield>
    <subfield code="a">LBB</subfield>
    <subfield code="b">LBB</subfield>
    <subfield code="c">B640</subfield>
    <subfield code="d">2019-08-07</subfield>
    <subfield code="l">1</subfield>
    <subfield code="o">LMA OU 2017 B640 Or.3</subfield>
    <subfield code="p">A40112</subfield>
    <subfield code="r">2023-02-22</subfield>
    <subfield code="s">2023-01-31</subfield>
    <subfield code="w">2019-08-07</subfield>
    <subfield code="y">LMA</subfield>
  </datafield>
  <datafield tag="952" ind1=" " ind2=" ">
    <subfield code="0">0</subfield>
    <subfield code="1">0</subfield>
    <subfield code="2">ddc</subfield>
    <subfield code="4">0</subfield>
    <subfield code="6">LMA_OU_2017_000000000000000_B640_OR_4</subfield>
    <subfield code="7">0</subfield>
    <subfield code="9">80926</subfield>
    <subfield code="a">LBB</subfield>
    <subfield code="b">LBB</subfield>
    <subfield code="c">B640</subfield>
    <subfield code="d">2019-08-07</subfield>
    <subfield code="l">1</subfield>
    <subfield code="o">LMA OU 2017 B640 Or.4</subfield>
    <subfield code="p">A40187</subfield>
    <subfield code="r">2020-12-07</subfield>
    <subfield code="s">2020-11-24</subfield>
    <subfield code="w">2019-08-07</subfield>
    <subfield code="y">LMA</subfield>
  </datafield>
  <datafield tag="952" ind1=" " ind2=" ">
    <subfield code="0">0</subfield>
    <subfield code="1">0</subfield>
    <subfield code="2">ddc</subfield>
    <subfield code="4">0</subfield>
    <subfield code="6">LMA_OU_2017_000000000000000_B640_OR_5</subfield>
    <subfield code="7">0</subfield>
    <subfield code="9">80927</subfield>
    <subfield code="a">LBB</subfield>
    <subfield code="b">LBB</subfield>
    <subfield code="c">B640</subfield>
    <subfield code="d">2019-08-07</subfield>
    <subfield code="l">1</subfield>
    <subfield code="o">LMA OU 2017 B640 Or.5</subfield>
    <subfield code="p">A40055</subfield>
    <subfield code="r">2021-08-20</subfield>
    <subfield code="s">2021-08-03</subfield>
    <subfield code="w">2019-08-07</subfield>
    <subfield code="y">LMA</subfield>
  </datafield>
  <datafield tag="952" ind1=" " ind2=" ">
    <subfield code="0">0</subfield>
    <subfield code="1">0</subfield>
    <subfield code="2">ddc</subfield>
    <subfield code="4">0</subfield>
    <subfield code="6">LMA_OU_2017_000000000000000_B640_OR_6</subfield>
    <subfield code="7">0</subfield>
    <subfield code="9">80928</subfield>
    <subfield code="a">LBB</subfield>
    <subfield code="b">LBB</subfield>
    <subfield code="c">B640</subfield>
    <subfield code="d">2019-08-07</subfield>
    <subfield code="o">LMA OU 2017 B640 Or.6</subfield>
    <subfield code="p">A40130</subfield>
    <subfield code="r">2019-08-07</subfield>
    <subfield code="w">2019-08-07</subfield>
    <subfield code="y">LMA</subfield>
  </datafield>
  <datafield tag="952" ind1=" " ind2=" ">
    <subfield code="0">0</subfield>
    <subfield code="1">0</subfield>
    <subfield code="2">ddc</subfield>
    <subfield code="4">0</subfield>
    <subfield code="6">LMA_OU_2017_000000000000000_B640_OR_7</subfield>
    <subfield code="7">0</subfield>
    <subfield code="9">80929</subfield>
    <subfield code="a">LBB</subfield>
    <subfield code="b">LBB</subfield>
    <subfield code="c">B640</subfield>
    <subfield code="d">2019-08-07</subfield>
    <subfield code="o">LMA OU 2017 B640 Or.7</subfield>
    <subfield code="p">A39985</subfield>
    <subfield code="r">2019-08-07</subfield>
    <subfield code="w">2019-08-07</subfield>
    <subfield code="y">LMA</subfield>
  </datafield>
</record>
